| 000 | 00559nam a2200193Ia 4500 | ||
|---|---|---|---|
| 003 | GCL | ||
| 008 | 140319s9999 xx 000 0 eng d | ||
| 040 |
_aGCL / _cGCL |
||
| 082 | 0 | 4 |
_a820.9145 _bR L |
| 100 | 1 | _aRICHARDS, ALAN | |
| 245 | 1 | 0 |
_aLITERATURE EDUCATION, AND ROMANTICISM : READING AS SOCIAL PRACTIC, 1780-1832 / _cRICHARDS, ALAN |
| 260 |
_a[S.N] : _bCAMBRIBGE UNIVERSITY PRESS ، _c1994 |
||
| 300 | _a327 | ||
| 650 | 0 | 4 | _aENGLISH LITERATURE |
| 650 | 0 | 4 | _aLITERATURE |
| 650 | 0 | 4 | _aROMANTICISM |
| 650 | 0 | 4 | _aLITERATURE - SOCIETY |
| 942 |
_2ddc _cBK |
||
| 999 |
_c10233 _d10233 |
||